Detalles MARC
| 000 -CABECERA |
| campo de control de longitud fija |
01162nam a2200253 a 4500 |
| 003 - IDENTIFICADOR DEL NÚMERO DE CONTROL |
| campo de control |
DO-SdBNP |
| 005 - FECHA Y HORA DE LA ÚLTIMA TRANSACCIÓN |
| campo de control |
20240404102632.0 |
| 007 - CAMPO FIJO DE DESCRIPCIÓN FÍSICA--INFORMACIÓN GENERAL |
| campo de control de longitud fija |
ta |
| 008 - DATOS DE LONGITUD FIJA--INFORMACIÓN GENERAL |
| campo de control de longitud fija |
211028e2021 dr ||||er|||| 001 0 spa d |
| 040 ## - FUENTE DE LA CATALOGACIÓN |
| Centro catalogador/agencia de origen |
DO-SdBNP |
| Lengua de catalogación |
spa |
| Centro/agencia transcriptor |
BNPHU |
| 082 #4 - NÚMERO DE LA CLASIFICACIÓN DECIMAL DEWEY |
| Número de edición |
22 |
| Número de documento/Ítem |
A168n |
| 110 22 - ENTRADA PRINCIPAL--NOMBRE DE ENTIDAD CORPORATIVA |
| Nombre de entidad corporativa o nombre de jurisdicción como elemento de entrada |
Academia Dominicana de la Historia |
| 9 (RLIN) |
777 |
| 245 10 - MENCIÓN DE TÍTULO |
| Título |
Normas para publicar trabajos en Clío / |
| 260 ## - PUBLICACIÓN, DISTRIBUCIÓN, ETC. |
| Lugar de publicación, distribución, etc. |
Santo Domingo : |
| Nombre del editor, distribuidor, etc. |
Búho, |
| Fecha de publicación, distribución, etc. |
2021 |
| 300 ## - DESCRIPCIÓN FÍSICA |
| Extensión |
[19 p.] ; |
| Dimensiones |
13 cm. |
| 490 ## - MENCIÓN DE SERIE |
| Mención de serie |
Institucionales ; |
| Designación de volumen o secuencia |
2 |
| 505 ## - NOTA DE CONTENIDO CON FORMATO |
| Nota de contenido con formato |
|
| Título |
Normas para publicar trabajos en Clío.-- |
| -- |
Libros.-- |
| -- |
Un autor.-- |
| -- |
Dos autores.-- |
| -- |
Con tres, cuatro o más autores.-- |
| -- |
Una organización como autor.-- |
| -- |
Número de edición.-- |
| -- |
Ediciones reimpresas.-- |
| -- |
Con varios volúmenes.-- |
| -- |
Artículos publicados en libros.-- |
| -- |
Revistas y publicaciones periódicas científicas.-- |
| -- |
Tesis inéditas.-- |
| -- |
Documentos.-- |
| -- |
Periódicos.-- |
| -- |
Entrevistas.-- |
| -- |
Páginas Web. |
| 590 ## - NOTA LOCAL (RLIN) |
| Nota local |
Inventariado 2021 / MF |
| 610 20 - PUNTO DE ACCESO ADICIONAL DE MATERIA--NOMBRE DE ENTIDAD CORPORATIVA |
| Nombre de entidad corporativa o nombre de jurisdicción como elemento de entrada |
Academia Dominicana de la Historia |
| 9 (RLIN) |
777 |
| 650 #4 - PUNTO DE ACCESO ADICIONAL DE MATERIA--TÉRMINO DE MATERIA |
| Término de materia o nombre geográfico como elemento de entrada |
Publicaciones científicas |
| 9 (RLIN) |
80370 |
| 650 #4 - PUNTO DE ACCESO ADICIONAL DE MATERIA--TÉRMINO DE MATERIA |
| Término de materia o nombre geográfico como elemento de entrada |
Historia |
| Subdivisión general |
Investigaciones |
| 9 (RLIN) |
80371 |
| 830 ## - PUNTO DE ACCESO ADICIONAL DE SERIE-TÍTULO UNIFORME |
| Título uniforme |
institucionales ; |
| Número de parte o sección de la obra |
2 |
| 9 (RLIN) |
80372 |
| 942 ## - ELEMENTOS DE PUNTO DE ACCESO ADICIONAL (KOHA) |
| Fuente del sistema de clasificación o colocación |
Dewey Decimal Classification |
| Tipo de ítem Koha |
Folleto |